000 00363nam a2200157Ia 4500
003 LK-CoDNM
008 010623t1937 xxu||||| |||| 00| 1 eng d
040 _aLK-CoDNM
_dLK-CoDNM
_eLK-CoDNM
041 _aeng
080 _a133.52 RAM
100 _aRamachandra,K.
245 _aAstrology as a Science
260 _b
_c[1934]
300 _b36p., 18 cm
942 _cBK
999 _c98787
_d98787